Ładuje się......
Ladakh: crossroads of high Asia
| 1. autor: | |
|---|---|
| Format: | Printed Book |
| Wydane: |
New York;
Oxford University Press,
1996
|
| Wydanie: | 2nd. |
| Hasła przedmiotowe: |
| LEADER | 00498nam a22001577a 4500 | ||
|---|---|---|---|
| 020 | |a 0195645464 | ||
| 082 | |a 915.4 |b RIZ/L | ||
| 100 | |a Rizvi,Janet | ||
| 245 | |a Ladakh: |b crossroads of high Asia | ||
| 250 | |a 2nd. | ||
| 260 | |a New York; |b Oxford University Press, |c 1996 | ||
| 300 | |a 290p. | ||
| 650 | |a Travelogue |v Asia |z India | ||
| 942 | |c BK | ||
| 999 | |c 94515 |d 94515 | ||
| 952 | |0 0 |1 0 |4 0 |6 915_400000000000000_RIZ_L |7 0 |9 87120 |a SSS |b SSS |c GEN |d 2011-07-11 |g 250.00 |l 0 |o 915.4 RIZ/L |p SSS03317 |r 2011-07-11 |w 2011-07-11 |y BK | ||